Títulos sin desarrollo : (Registro nro. 9347)

Detalles MARC
000 -LEADER
campo de control de longitud fija 02770cam a22005054a 4500
003 - IDENTIFICADOR DE NÚMERO DE CONTROL
campo de control PE-LiUPU
005 - FECHA Y HORA DE LA ÚLTIMA TRANSACCIÓN
campo de control 20250731183342.0
008 - DATOS DE LONGITUD FIJA--INFORMACIÓN GENERAL
campo de control de longitud fija 080902s2008 pe a b 000 0 spa c
020 ## - NÚMERO INTERNACIONAL ESTÁNDAR DEL LIBRO
Número Internacional Estándar del Libro 9789972670893
020 ## - NÚMERO INTERNACIONAL ESTÁNDAR DEL LIBRO
Número Internacional Estándar del Libro 9972670899
035 ## - NÚMERO DE CONTROL DEL SISTEMA
Número de control de sistema (Sirsi) i9789972670893
040 ## - FUENTE DE CATALOGACIÓN
Centro catalogador/agencia de origen PE-LiUPU
Lengua de catalogación spa
Centro/agencia transcriptor PE-LiUPU
Normas de descripción rda
041 ## - CÓDIGO DE IDIOMA
Código de lengua del texto/banda sonora o título independiente spa
-- eng
049 ## - FONDOS LOCALES (OCLC)
Biblioteca depositaria PRUA
082 ## - NÚMERO DE LA CLASIFICACIÓN DECIMAL DEWEY
Número de clasificación 711.1
Cutter C328
Número de edición 20
100 1# - ENTRADA PRINCIPAL--NOMBRE DE PERSONA
Nombre de persona Caria, Antonio Stefano,
Término indicativo de función/relación autor.
245 10 - MENCIÓN DEL TÍTULO
Título Títulos sin desarrollo :
Resto del título los efectos de la titulación de tierras en los nuevos barrios de Lima /
Mención de responsabilidad, etc. Antonio Stefano Caria.
246 31 - FORMA VARIANTE DEL TITULO
Título propio/Titulo breve Titles without development
250 ## - MENCION DE EDICION
Mención de edición Primera edición.
264 ## - PRODUCCIÓN, PUBLICACIÓN, DISTRIBUCIÓN, FABRICACIÓN Y COPYRIGHT
Producción, publicación, distribución, fabricación y copyright Lima :
Nombre del de productor, editor, distribuidor, fabricante DESCO, Centro de Estudios y Promoción del Desarrollo,
Fecha de producción, publicación, distribución, fabricación o copyright 2008.
300 ## - DESCRIPCIÓN FÍSICA
Extensión 109 pages :
Otras características físicas ilustraciones ;
Dimensiones 26 centímetros.
336 ## - TIPO DE CONTENIDO
Término de tipo de contenido text
Fuente rdacontent
337 ## - TIPO DE MEDIO
Nombre/término del tipo de medio unmediated
Fuente rdamedia
338 ## - TIPO DE SOPORTE
Nombre/término del tipo de soporte volume
Fuente rdacarrier
490 1# - MENCIÓN DE SERIE
Mención de serie Serie Estudios urbanos ;
Designación de volumen o secuencia 4
504 ## - NOTA DE BIBLIOGRAFÍA, ETC.
Nota de bibliografía, etc. IBibliografía : páginas 76-80.
505 ## - NOTA DE CONTENIDO CON FORMATO
Nota de contenido con formato Introducción -- Entendiendo la titulación -- Propiedad informal y organizaciones sociales de base en el desarrollo urbano de Lima -- Derechos de propiedad: extención. seguridad e informalidad -- El debate sobre los efectos de lal titulación: una hipótesis -- Metodología: un esperimento natural en los nuevos barrios -- ¿Adónde se fue todo el desarrollo? -- La percepción de la seguridad - Consolidación -- Crédito -- Empleo -- Alguna pautas para construir una política -- Conclusiones -- Bibliografía -- Anexo: versión original en inglés.
520 ## - RESUMEN, ETC.
Sumario, etc. Estudio que cuestiona los "presuntos efectos positivos" de la titulación otorgada por COFROPI, Organismo de Formalización de la Propiedad Informal. Para el efecto se realizó un estudio de campo con los pobladores de los asentamientos humanos Los Laureles y Los jardines de Pachacamac de Villa el Salvador.
526 ## - NOTA DE INFORMACIÓN SOBRE EL PROGRAMA DE ESTUDIO
Nombre del programa Maestría Bim Facility Management (A distancia)
526 ## - NOTA DE INFORMACIÓN SOBRE EL PROGRAMA DE ESTUDIO
Nombre del programa
526 ## - NOTA DE INFORMACIÓN SOBRE EL PROGRAMA DE ESTUDIO
Nombre del programa Educación musical y artes
526 ## - NOTA DE INFORMACIÓN SOBRE EL PROGRAMA DE ESTUDIO
Nombre del programa Educación, especialidad educación física
526 ## - NOTA DE INFORMACIÓN SOBRE EL PROGRAMA DE ESTUDIO
Nombre del programa Arquitectura
541 ## - NOTA DE FUENTE DE ADQUISICIÓN DIRECTA
-- 0020-0000434;
596 ## -
-- 1
650 #0 - PUNTO DE ACCESO ADICIONAL DE MATERIA--TÉRMINO DE MATERIA
Término de materia o nombre geográfico como elemento de entrada Asentamientos ilegales
Subdivisión geográfica Peru
-- Lima.
650 #0 - PUNTO DE ACCESO ADICIONAL DE MATERIA--TÉRMINO DE MATERIA
Término de materia o nombre geográfico como elemento de entrada Pobre
Subdivisión geográfica Peru
-- Lima.
650 #0 - PUNTO DE ACCESO ADICIONAL DE MATERIA--TÉRMINO DE MATERIA
Término de materia o nombre geográfico como elemento de entrada Tenencia de la tierra
Subdivisión geográfica Peru
-- Lima.
650 #0 - PUNTO DE ACCESO ADICIONAL DE MATERIA--TÉRMINO DE MATERIA
Término de materia o nombre geográfico como elemento de entrada Títulos de propiedad
-- xRegistration y traslado
Subdivisión geográfica Peru
-- Lima.
910 ## - DATOS DE OPCIÓN DEL USUARIO (OCLC)
Datos de opción del usuario jck
-- bj
-- ebj
-- 20160510
942 ## - ELEMENTOS DE ENTRADA SECUNDARIOS (KOHA)
Fuente del sistema de clasificación o colocación Clasificación Decimal Dewey
Tipo de ítem Koha
949 ## - PROCESAMIENTO DE INFORMACIÓN LOCAL (OCLC)
a 711.1 C328
w DEWEY
c 1
i 72908
l CCODEBUL1
m BUL
p 6.01
r 0
s Y
t BOOK
u 2016-5-10
x INGENIERIA
-- P06
0 COMPRA
o .STAFF. Colección General
994 ## -
-- C0
-- PEPRU
999 ## - NÚMEROS DE CONTROL DE SISTEMA (KOHA)
-- DEWEY
-- 72908
-- 2019-9-29
-- 2021-11-9
-- 7
-- CCODEBUL1
-- BUL
-- 7
-- 6.01
-- 2
-- 0
-- Y
-- BOOK
-- 2016-5-10
-- INGENIERIA
-- P06
-- COMPRA
-- .STAFF. Colección General
980 ## - EQUIVALENCIA O REFERENCIA-CRUZADA-MENCIÓN DE SERIE--NOMBRE DE PERSONA/TÍTULO [LOCAL, CANADÁ]
ID del último usuario que modificó el registro 1
Nombre del último usuario que modificó el registro ALBERTO SANCHEZ Responsable de Automatización
Existencias
Visto por última vez Número de inventario Total de préstamos Signatura topográfica completa Código de barras Fecha del último préstamo Copia número Coste, precio de reemplazo Fecha de reemplazo Facultad Tipo de ítem Koha Nota pública Estado de pérdida Fuente del sistema de clasificación o colocación Restricciones de uso No para préstamo Colección Programa académico Biblioteca de origen Biblioteca actual Ubicación en estantería Fecha de adquisición Fuente de adquisición Coste, precio normal de compra
2025-12-03 8 7 711.1 C328 72908 2019-09-29 e1 11.01 2016-05-10 FIA Libros físicos inventario-2023-12-13 No Perdido Clasificación Decimal Dewey No restringido Disponible para préstamos Colección General Arquitectura Biblioteca CRAI UPeU Lima Biblioteca CRAI UPeU Lima Sala principal 2016-05-10 COMPRA 6.01